00283nam a2200109Ia 4500008004100000100002300041245001600064260000900080300003400089440002400123650002600147180117s9999 xx 000 0 und d aby Beth Day Romulo aAnother Day c2015 a17-18 pages, 2015 December 20 aPhilippine Panorama aA NEW SOURCE OF LIGHT